[Event "EU Union-ch U12 20th"]
[Site "Mureck"]
[Date "2023.08.09"]
[Round "9"]
[White "Mesic, Josip"]
[Black "Seemann, Adam"]
[Result "0-1"]
[WhiteElo "1525"]
[BlackElo "1422"]
[PlyCount "72"]
[EventDate "2023.08.02"]
[EventType "swiss"]
[EventRounds "9"]
[EventCountry "AUT"]
[SourceTitle "EXT 2024"]
[Source "ChessBase"]
[SourceDate "2023.10.10"]
[SourceVersion "1"]
[SourceVersionDate "2023.10.10"]
[SourceQuality "1"]

1. d4 Nf6 2. Nc3 d5 3. Bf4 c5 4. e4 cxd4 5. Nxd5 Nxd5 6. exd5 Qxd5 7. Bxb8 Rxb8 8. c3 e5 9. a3 Be7 10. cxd4 exd4 11. Nf3 Bf6 12. Qa4+ Bd7 13. Qb4 a5 14. Qc4 Qxc4 15. Bxc4 Rc8 16. Be2 Rc2 17. Rb1 Bf5 18. Bb5+ Ke7 19. a4 Rd8 20. 0-0 Kf8 21. Rfd1 d3 22. Ne1 d2 23. Nxc2 Bxc2 24. Be2 Rc8 25. Rxd2 Bxb1 26. f3 Rc2 27. Rxc2 Bxc2 28. Kf2 Bxa4 29. b4 axb4 30. Bd3 h6 31. Ke3 Ke7 32. Be4 b3 33. Bxb7 b2 34. Be4 Bb3 35. Bb1 Kd6 36. Kd3 Kc5 0-1

[Event "EU Union-ch U12 20th"]
[Site "Mureck"]
[Date "2023.08.06"]
[Round "6"]
[White "Raber, Eduard"]
[Black "Mesic, Josip"]
[Result "1/2-1/2"]
[WhiteElo "1402"]
[BlackElo "1525"]
[PlyCount "144"]
[EventDate "2023.08.02"]
[EventType "swiss"]
[EventRounds "9"]
[EventCountry "AUT"]
[SourceTitle "EXT 2024"]
[Source "ChessBase"]
[SourceDate "2023.10.10"]
[SourceVersion "1"]
[SourceVersionDate "2023.10.10"]
[SourceQuality "1"]

1. d4 e6 2. c4 d5 3. Nc3 c5 4. dxc5 d4 5. Ne4 Nc6 6. Nf3 Bxc5 7. Nxc5 Qa5+ 8. Bd2 Qxc5 9. e3 Nf6 10. exd4 Nxd4 11. Nxd4 Qxd4 12. Bc3 Qe4+ 13. Qe2 Qg6 14. Qd3 0-0 15. Qxg6 hxg6 16. Bxf6 gxf6 17. 0-0-0 b6 18. Be2 Bb7 19. f3 Rfd8 20. Rxd8+ Rxd8 21. Rd1 Rxd1+ 22. Kxd1 Kf8 23. Kd2 Ke7 24. b4 Kd6 25. Ke3 e5 26. g3 f5 27. h4 e4 28. fxe4 Bxe4 29. Kd4 f6 30. h5 gxh5 31. Bxh5 Bb1 32. a3 Bc2 33. Bg6 a5 34. bxa5 bxa5 35. c5+ Kc6 36. Kc4 Kd7 37. Kb5 a4 38. Kb4 Kd8 39. g4 Bd1 40. Bxf5 Kc7 41. Kb5 Bb3 42. c6 Bd1 43. Bd7 Bc2 44. Kc5 Be4 45. Kb4 Bc2 46. Bf5 Bd1 47. Kb5 Bb3 48. Kc5 Bd1 49. Kd4 Bb3 50. Kc5 Bd1 51. Bd7 Bf3 52. Kc4 Bd1 53. Kd5 Bb3+ 54. Ke4 Bc2+ 55. Kf4 Bd3 56. Bf5 Bc4 57. Bc2 Bb3 58. Be4 Be6 59. Bf3 Bc8 60. Bd1 Kxc6 61. Bxa4+ Kc5 62. Be8 Be6 63. a4 Kb4 64. Bc6 Ka5 65. Kg3 Kb4 66. Kh4 Bf7 67. Bd7 Ka5 68. Kg3 Bg6 69. Kf4 Kb4 70. Ke3 Bc2 71. Kd4 Bd1 72. Kd5 Bxg4 1/2-1/2

[Event "EU Union-ch U12 20th"]
[Site "Mureck"]
[Date "2023.08.02"]
[Round "1"]
[White "Mesic, Josip"]
[Black "Arshinkova, Ralitsa"]
[Result "1-0"]
[WhiteElo "1525"]
[BlackElo "1221"]
[PlyCount "141"]
[EventDate "2023.08.02"]
[EventType "swiss"]
[EventRounds "9"]
[EventCountry "AUT"]
[SourceTitle "EXT 2024"]
[Source "ChessBase"]
[SourceDate "2023.10.10"]
[SourceVersion "1"]
[SourceVersionDate "2023.10.10"]
[SourceQuality "1"]

1. d4 f5 2. Nc3 Nf6 3. Bf4 g6 4. Nf3 Bg7 5. e3 0-0 6. h4 d6 7. Ng5 h6 8. Nf3 Nbd7 9. Bd3 Re8 10. Bc4+ Kh7 11. Qd3 Nh5 12. 0-0-0 Nxf4 13. exf4 Nf6 14. Qe2 d5 15. Bb3 c6 16. Ne5 Rf8 17. Nb1 Ng4 18. f3 Nxe5 19. fxe5 e6 20. f4 h5 21. Nd2 Bh6 22. g3 b5 23. Rdf1 b4 24. Ba4 Qb6 25. Qe3 Ba6 26. Rf3 Rac8 27. Nb3 Rf7 28. Nc5 Bc4 29. Nxe6 Re7 30. Nc5 Rcc7 31. Qd2 Bf8 32. b3 Ba6 33. Nxa6 Qxa6 34. Qxb4 Re8 35. Qd2 Re6 36. Qd3 Qa5 37. Kd1 a6 38. Ke2 c5 39. dxc5 Qxc5 40. Rc1 Bh6 41. Re3 d4 42. Rf3 Rxe5+ 43. Kf1 Re3 44. Rxe3 dxe3 45. c4 Bg7 46. Re1 Re7 47. Kg2 Bd4 48. a3 Re4 49. b4 Qc7 50. c5 a5 51. Qb5 axb4 52. axb4 Bc3 53. Re2 Bxb4 54. c6 Ba5 55. Qd3 Rxa4 56. Qb5 Re4 57. Qd5 Bb6 58. Qb5 Re6 59. Qb3 Qxc6+ 60. Kh2 Bd4 61. Qd3 Qf3 62. Qc4 Re7 63. Qb5 Rb7 64. Qc4 Rb1 65. Rg2 Rf1 66. Qxd4 Qe4 67. Qd7+ Kg8 68. Qd8+ Kf7 69. Qc7+ Qe7 70. Qc4+ Qe6 71. Qxf1 1-0

[Event "CRO-ch U11"]
[Site "Trogir"]
[Date "2023.06.25"]
[Round "8"]
[White "Mesic, Josip"]
[Black "Golubovic, Erik"]
[Result "0-1"]
[WhiteElo "1382"]
[BlackElo "1925"]
[PlyCount "86"]
[EventDate "2023.06.21"]
[EventType "swiss"]
[EventRounds "9"]
[EventCountry "CRO"]
[SourceTitle "EXT 2024"]
[Source "ChessBase"]
[SourceDate "2023.10.10"]
[SourceVersion "1"]
[SourceVersionDate "2023.10.10"]
[SourceQuality "1"]

1. d4 Nf6 2. Nc3 d5 3. Bf4 a6 4. e3 b5 5. Bd3 e6 6. g4 Bb7 7. g5 Nfd7 8. h4 c5 9. Qf3 Nc6 10. 0-0-0 b4 11. Na4 cxd4 12. e4 Nce5 13. Qg3 Bd6 14. exd5 Bxd5 15. Rh3 Nxd3+ 16. Rxd3 e5 17. Rxd4 exf4 18. Qd3 Bc6 19. Rxd6 Bxa4 20. Qe4+ Kf8 21. Qxb4 Qe7 22. Qxa4 Qxd6 23. Rd3 Nc5 24. Rxd6 Nxa4 25. Rd4 Nc5 26. Rxf4 Ke7 27. Nf3 Rhe8 28. Ne5 f6 29. gxf6+ gxf6 30. Nc6+ Kf7 31. b4 Rac8 32. Na7 Nd3+ 33. Kd2 Nxf4 34. Nxc8 Rxc8 35. a4 Ke6 36. b5 axb5 37. axb5 Rc5 38. b6 Rb5 39. Ke3 Nd5+ 40. Kd4 Nxb6 41. c4 Rb4 42. Kc5 Rxc4+ 43. Kxb6 Rxh4 0-1

[Event "EU Union-ch U10 19th"]
[Site "Mureck"]
[Date "2022.08.09"]
[Round "7"]
[White "Pop, Maria Olivia"]
[Black "Mesic, Josip"]
[Result "0-1"]
[WhiteElo "1110"]
[BlackElo "1273"]
[PlyCount "120"]
[EventDate "2022.08.03"]
[EventType "swiss"]
[EventRounds "9"]
[EventCountry "AUT"]
[SourceTitle "EXT 2023"]
[Source "ChessBase"]
[SourceDate "2022.10.05"]
[SourceVersion "1"]
[SourceVersionDate "2022.10.05"]
[SourceQuality "1"]

1. d4 e6 2. e3 Nf6 3. Bd3 d5 4. Nd2 c5 5. c3 Nc6 6. f4 cxd4 7. exd4 Bd6 8. Qf3 Qc7 9. Ne2 b6 10. 0-0 0-0 11. g4 Re8 12. h3 h6 13. Rf2 a5 14. Rg2 Ba6 15. Bxa6 Rxa6 16. h4 Qe7 17. g5 hxg5 18. hxg5 Nh7 19. Rh2 Nxg5 20. Qh5 f6 21. Rg2 Qf7 22. Qh4 Nh7 23. Nf3 Be7 24. Be3 Bd8 25. Kf2 e5 26. Rh1 g6 27. f5 g5 28. Qh3 e4 29. Nd2 Ra7 30. Qh6 Qg7 31. Qh5 Rf8 32. Rgh2 Rff7 33. Qg6 Ne7 34. Qxg7+ Rxg7 35. Ng3 Bc7 36. Rg2 Bxg3+ 37. Rxg3 Nxf5 38. Rg2 Nxe3 39. Kxe3 f5 40. Ke2 f4 41. Kd1 g4 42. Rgh2 g3 43. Rh6 f3 44. Rxb6 g2 45. Rh5 g1Q+ 46. Kc2 f2 47. Rf5 Rgf7 48. Rxf7 Kxf7 49. a4 e3 50. Nf3 Qg6+ 51. Rxg6 Kxg6 52. Ne5+ Kg7 53. Nc6 Ra8 54. Kb3 f1Q 55. Nxa5 Rxa5 56. Kb4 Qa6 57. b3 e2 58. Ka3 e1Q 59. Kb4 Qb6+ 60. Ka3 Qa1# 0-1

[Event "EU Union-ch U10 19th"]
[Site "Mureck"]
[Date "2022.08.07"]
[Round "5"]
[White "Mesic, Josip"]
[Black "Groessing, Daniel Yosuke"]
[Result "0-1"]
[WhiteElo "1273"]
[BlackElo "1089"]
[PlyCount "118"]
[EventDate "2022.08.03"]
[EventType "swiss"]
[EventRounds "9"]
[EventCountry "AUT"]
[SourceTitle "EXT 2023"]
[Source "ChessBase"]
[SourceDate "2022.10.05"]
[SourceVersion "1"]
[SourceVersionDate "2022.10.05"]
[SourceQuality "1"]

1. d4 Nf6 2. c4 e6 3. Nf3 Bb4+ 4. Bd2 Bxd2+ 5. Nbxd2 d5 6. e3 0-0 7. cxd5 exd5 8. Bd3 Bg4 9. 0-0 Re8 10. Qb3 b6 11. Rac1 Nbd7 12. h3 Bxf3 13. Nxf3 c5 14. Bb5 c4 15. Qa4 a6 16. Bc6 b5 17. Qa3 Ra7 18. Bxb5 Qb6 19. Bxd7 Nxd7 20. Qc3 Rb8 21. Rb1 Qb4 22. Qxb4 Rxb4 23. Rfd1 Rab7 24. Rd2 c3 25. Rc2 Rxb2 26. Rbc1 h6 27. Kf1 Nf6 28. Ne1 Ne4 29. f3 Nd2+ 30. Ke2 Nc4 31. Nd3 Na3 32. Kd1 Nxc2 33. Rxc2 Rxc2 34. Kxc2 Re7 35. Kxc3 Rxe3 36. Kd2 Re7 37. Nb4 a5 38. Nxd5 Rd7 39. Nc3 Rxd4+ 40. Ke3 Rb4 41. g3 g5 42. Nd5 Rb2 43. a4 Rh2 44. Nf6+ Kf8 45. h4 gxh4 46. gxh4 Rxh4 47. Ne4 Rh1 48. f4 h5 49. Ng3 Ra1 50. Nxh5 Rxa4 51. Nf6 Rb4 52. Nd5 Rb1 53. Nc3 Rb3 54. Kd4 Kg7 55. Kc4 Rb4+ 56. Kc5 Rxf4 57. Kb5 Rf5+ 58. Ka4 Kg6 59. Nb5 Rxb5 0-1

[Event "EU Union-ch U10 19th"]
[Site "Mureck"]
[Date "2022.08.04"]
[Round "2"]
[White "Atlas, Daniel"]
[Black "Mesic, Josip"]
[Result "0-1"]
[WhiteElo "1357"]
[BlackElo "1273"]
[PlyCount "74"]
[EventDate "2022.08.03"]
[EventType "swiss"]
[EventRounds "9"]
[EventCountry "AUT"]
[SourceTitle "EXT 2023"]
[Source "ChessBase"]
[SourceDate "2022.10.05"]
[SourceVersion "1"]
[SourceVersionDate "2022.10.05"]
[SourceQuality "1"]

1. e4 e6 2. d3 d5 3. Nd2 Nf6 4. Ngf3 Bb4 5. e5 Nfd7 6. a3 Bxd2+ 7. Bxd2 0-0 8. g3 c5 9. Bg2 Nc6 10. Bf4 Qc7 11. Qe2 b5 12. 0-0 a6 13. Rfe1 Rd8 14. h4 Nf8 15. Bg5 Re8 16. h5 h6 17. Bf4 Nd7 18. Qd2 Kh7 19. Rac1 Nb6 20. Nh4 Bb7 21. Nf3 d4 22. g4 Nd5 23. Bg3 Qa5 24. c3 dxc3 25. bxc3 Qxa3 26. Ng5+ hxg5 27. Bxd5 c4 28. Be4+ Kg8 29. Qxg5 Qe7 30. Bh4 Qxg5 31. Bxg5 cxd3 32. Bxd3 b4 33. Be4 bxc3 34. Rxc3 Na5 35. Bd3 Bd5 36. Rec1 Nb3 37. R1c2 Nd4 0-1

[Event "CRO-ch U11"]
[Site "Trogir"]
[Date "2022.06.26"]
[Round "7"]
[White "Mesic, Josip"]
[Black "Golubovic, Erik"]
[Result "0-1"]
[WhiteElo "1259"]
[BlackElo "1506"]
[PlyCount "122"]
[EventDate "2022.06.22"]
[EventType "swiss"]
[EventRounds "9"]
[EventCountry "CRO"]
[SourceTitle "CBM 209 Extra"]
[Source "ChessBase"]
[SourceDate "2022.09.30"]
[SourceVersion "1"]
[SourceVersionDate "2022.09.30"]
[SourceQuality "1"]

1. d4 Nf6 2. c4 e6 3. Nc3 Bb4 4. Bg5 c5 5. Bxf6 Qxf6 6. e3 Nc6 7. Nf3 cxd4 8. exd4 Bxc3+ 9. bxc3 b6 10. Be2 0-0 11. 0-0 Bb7 12. Qa4 Qe7 13. Rab1 Na5 14. c5 Bc6 15. Qb4 Nb7 16. cxb6 Qxb4 17. Rxb4 axb6 18. Ra1 Ra3 19. c4 Rfa8 20. Rb2 f6 21. Ne1 Nd6 22. Nc2 R3a4 23. d5 exd5 24. cxd5 Bxd5 25. Rxb6 Rxa2 26. Rxa2 Rxa2 27. Rxd6 Rxc2 28. Rxd5 Rxe2 29. Kf1 Re7 30. f3 Kf7 31. Kf2 Ke8 32. Rd4 Kd8 33. Rc4 d6 34. Ra4 Rc7 35. Ra8+ Ke7 36. Ra2 d5 37. Ke3 Kd6 38. Kd4 Rc4+ 39. Kd3 h5 40. Re2 Ra4 41. Rc2 g5 42. h3 h4 43. Rb2 Ke5 44. Ke3 Ra3+ 45. Kf2 Kd4 46. Rd2+ Kc4 47. Rc2+ Kd3 48. Rc8 Ra2+ 49. Kf1 d4 50. Rd8 Kc3 51. Rc8+ Kd2 52. Rd8 d3 53. Rd7 Kc2 54. Rc7+ Kd1 55. Rd7 d2 56. Rc7 Rc2 57. Ra7 Kc1 58. Ra1+ Kb2 59. Rd1 Rc1 60. Ke2 Rxd1 61. Kxd1 Kc3 0-1

[Event "CRO-ch U11"]
[Site "Trogir"]
[Date "2022.06.25"]
[Round "6"]
[White "Kaselic, Noa"]
[Black "Mesic, Josip"]
[Result "0-1"]
[WhiteElo "1226"]
[BlackElo "1259"]
[PlyCount "110"]
[EventDate "2022.06.22"]
[EventType "swiss"]
[EventRounds "9"]
[EventCountry "CRO"]
[SourceTitle "CBM 209 Extra"]
[Source "ChessBase"]
[SourceDate "2022.09.30"]
[SourceVersion "1"]
[SourceVersionDate "2022.09.30"]
[SourceQuality "1"]

1. e4 e6 2. d4 d5 3. exd5 exd5 4. Bd3 Nf6 5. h3 Be6 6. Qf3 Nbd7 7. Ne2 Bd6 8. Bf4 Qe7 9. 0-0 0-0 10. Bxd6 Qxd6 11. Nbc3 Rfe8 12. Rfe1 Re7 13. Qf4 Qxf4 14. Nxf4 Rae8 15. Re2 c6 16. Rae1 Nf8 17. Nxe6 Rxe6 18. Rxe6 Nxe6 19. Ne2 Nxd4 20. c3 Nxe2+ 21. Rxe2 Rxe2 22. Bxe2 Kf8 23. Kh2 Ke7 24. Kg3 Ne4+ 25. Kf3 Ke6 26. Bd3 Ke5 27. Ke3 g5 28. f3 Nf6 29. g3 h6 30. b4 Nh5 31. g4 Nf4 32. Bf1 b6 33. a4 c5 34. a5 cxb4 35. cxb4 bxa5 36. bxa5 d4+ 37. Kd2 Kd5 38. Kc2 Kc5 39. a6 Kb4 40. Kd2 Kb3 41. Bb5 f6 42. Bc6 Kc4 43. Be4 Nxh3 44. Kc2 Nf4 45. Kd2 h5 46. gxh5 Nxh5 47. Bg6 Nf4 48. Be4 Ne6 49. Bd3+ Kc5 50. Be4 Nc7 51. Kd3 f5 52. Bb7 g4 53. fxg4 fxg4 54. Bg2 Nd5 55. Bf1 Ne3 0-1

[Event "CRO-ch U11"]
[Site "Trogir"]
[Date "2022.06.24"]
[Round "4"]
[White "Capjak, David"]
[Black "Mesic, Josip"]
[Result "0-1"]
[WhiteElo "1737"]
[BlackElo "1259"]
[PlyCount "102"]
[EventDate "2022.06.22"]
[EventType "swiss"]
[EventRounds "9"]
[EventCountry "CRO"]
[SourceTitle "CBM 209 Extra"]
[Source "ChessBase"]
[SourceDate "2022.09.30"]
[SourceVersion "1"]
[SourceVersionDate "2022.09.30"]
[SourceQuality "1"]

1. e4 e6 2. d4 d5 3. Nc3 Nf6 4. Bg5 Be7 5. e5 Nfd7 6. h4 c5 7. dxc5 Nxe5 8. Nb5 f6 9. Be3 Nbc6 10. Nd6+ Bxd6 11. cxd6 Qxd6 12. Qd2 Bd7 13. 0-0-0 0-0-0 14. f4 Ng4 15. Be2 Nxe3 16. Qxe3 Kb8 17. Qd2 Be8 18. Nf3 Bg6 19. a3 Rc8 20. Bd3 Bxd3 21. Qxd3 Qxf4+ 22. Kb1 Ne5 23. Nxe5 Qxe5 24. Rhe1 Qd6 25. c4 Rhd8 26. cxd5 exd5 27. Qb3 d4 28. Rd2 Rd7 29. Red1 Qe5 30. Qa4 Rcd8 31. Qc4 Qe4+ 32. Ka1 Qxh4 33. g3 Qg4 34. Rd3 h5 35. Ka2 h4 36. gxh4 Qxh4 37. Qb4 f5 38. a4 Qe4 39. a5 a6 40. Qc4 Qd5 41. Qxd5 Rxd5 42. Kb3 Kc7 43. Kc4 Kc6 44. Rxd4 Rxd4+ 45. Rxd4 Rxd4+ 46. Kxd4 Kb5 47. Ke5 g6 48. Kd6 f4 49. Kc7 f3 50. Kxb7 f2 51. b4 f1Q 0-1